| Tag |
First Indicator |
Second Indicator |
Subfields |
| LEADER |
00000nam a2200000 i 4500 |
| 001 |
in00004594708 |
| 003 |
OCoLC |
| 005 |
20220429172241.7 |
| 006 |
m o d |
| 007 |
cr cnu---unuuu |
| 008 |
220306s2022 flu o 000 0 eng d |
| 024 |
8 |
|
|a 99991544411
|
| 040 |
|
|
|a YDX
|b eng
|e rda
|e pn
|c YDX
|d EBLCP
|d TYFRS
|d OCLCO
|d YDX
|d OCLCF
|d OCLCQ
|
| 019 |
|
|
|a 1302007469
|a 1302132505
|a 1302184042
|a 1302236787
|a 1302320670
|a 1302515675
|a 1302579874
|a 1302687716
|a 1302739525
|a 1302952558
|a 1302985787
|
| 020 |
|
|
|a 9781000574586
|q (electronic book)
|
| 020 |
|
|
|a 100057458X
|q (electronic book)
|
| 020 |
|
|
|a 9781000574593
|q (electronic book)
|
| 020 |
|
|
|a 1000574598
|q (electronic book)
|
| 020 |
|
|
|a 9781003279143
|q (electronic book)
|
| 020 |
|
|
|a 1003279147
|q (electronic book)
|
| 020 |
|
|
|z 0367685736
|
| 020 |
|
|
|z 9780367685737
|
| 035 |
|
|
|a (OCoLC)1302107796
|z (OCoLC)1302007469
|z (OCoLC)1302132505
|z (OCoLC)1302184042
|z (OCoLC)1302236787
|z (OCoLC)1302320670
|z (OCoLC)1302515675
|z (OCoLC)1302579874
|z (OCoLC)1302687716
|z (OCoLC)1302739525
|z (OCoLC)1302952558
|z (OCoLC)1302985787
|
| 037 |
|
|
|a 9781003279143
|b Taylor & Francis
|
| 050 |
|
4 |
|a HD49
|b .D37 2022
|
| 072 |
|
7 |
|a COM
|x 053000
|2 bisacsh
|
| 072 |
|
7 |
|a COM
|x 019000
|2 bisacsh
|
| 072 |
|
7 |
|a COM
|x 043050
|2 bisacsh
|
| 072 |
|
7 |
|a UR
|2 bicssc
|
| 082 |
0 |
4 |
|a 658.4/7
|2 23/eng/20220127
|
| 100 |
1 |
|
|a Das, Ravindra,
|e author.
|
| 245 |
1 |
0 |
|a Business recovery and continuity in a mega disaster :
|b cybersecurity lessons learned from the Covid-19 pandemic.
|
| 264 |
|
1 |
|a Boca Raton, FL :
|b CRC Press,
|c 2022.
|
| 300 |
|
|
|a 1 online resource.
|
| 336 |
|
|
|a text
|b txt
|2 rdacontent
|
| 337 |
|
|
|a computer
|b c
|2 rdamedia
|
| 338 |
|
|
|a online resource
|b cr
|2 rdacarrier
|
| 545 |
0 |
|
|a Ravi Das is a Business Development Specialist for The AST Cybersecurity Group, Inc., a leading Cybersecurity content firm located in the Greater Chicago area, and Technosoft Cyber, LLC, a consultancy devoted to offering Cybersecurity services to the Small and Medium sized business sector. Ravi holds a Master of Science of Degree in Agribusiness Economics (Thesis in International Trade), and Master of Business Administration in Management Information Systems. He has authored 8 books, with one more upcoming on how to create and launch a Cybersecurity Consultancy.
|
| 650 |
|
0 |
|a Emergency management.
|
| 650 |
|
0 |
|a Computer security.
|
| 650 |
|
0 |
|a COVID-19 Pandemic, 2020-
|x Economic aspects.
|
| 650 |
|
2 |
|a Computer Security
|
| 650 |
|
6 |
|a Sécurité informatique.
|
| 650 |
|
6 |
|a Pandémie de COVID-19, 2020-
|x Aspect économique.
|
| 650 |
|
7 |
|a COMPUTERS
|x Security
|x General.
|2 bisacsh
|
| 650 |
|
7 |
|a COMPUTERS
|x Disaster Recovery.
|2 bisacsh
|
| 650 |
|
7 |
|a COMPUTERS
|x Networking
|x Security.
|2 bisacsh
|
| 650 |
|
7 |
|a Computer security.
|2 fast
|0 (OCoLC)fst00872484
|
| 650 |
|
7 |
|a Emergency management.
|2 fast
|0 (OCoLC)fst00908500
|
| 647 |
|
7 |
|a COVID-19 Pandemic
|d (2020- )
|2 fast
|0 (OCoLC)fst02024716
|
| 655 |
|
7 |
|a Electronic books.
|2 local
|
| 710 |
2 |
|
|a EBSCOhost
|
| 776 |
1 |
8 |
|i Print version:
|z 0367685736
|z 9780367685737
|w (OCoLC)1281771297
|
| 856 |
4 |
0 |
|u http://proxy.library.tamu.edu/login?url=https://search.ebscohost.com/login.aspx?direct=true&scope=site&db=nlebk&db=nlabk&AN=3188952
|z Connect to the full text of this electronic book
|t 0
|
| 945 |
|
|
|b 423954
|
| 955 |
|
|
|a YBP purchased EBSCO DDA e-records
|
| 980 |
|
|
|b ebook
|c 99991544411
|f NONFIC/S
|g 565702
|k USD
|m 43.96
|q 1
|s AcqMono Conventional
|t Demand driven acquisitions (DDA)
|u Vendor order reference number
|v ZYBP
|y PDA
|z Electronic resource
|
| 999 |
f |
f |
|i 4c7845cf-86e6-4887-9bfe-f8307edf6c6e
|s d90c8dd1-b5b6-4561-ab5a-18822ea3d5e2
|t 0
|
| 952 |
f |
f |
|a Texas A&M University
|b College Station
|c Electronic Resources
|s www_evans
|d Available Online
|t 0
|e HD49 .D37 2022
|h Library of Congress classification
|